00317nam a2200109Ia 4500008004100000082001800041100001800059245001500077260003700092630001800129650006000147211109s9999||||xx |||||||||||||| ||und|| a822.33bBRO-C aBrockman, B A 0aCoriolanus bMcmillan CompanyaNew Yorkc1977 xgeneral stack aEnglish LiteraturevEnglish Dramaxenglish dramaEnglish